000 00437nam a2200145Ia 4500
008 230519s9999 xx 000 0 und d
020 _a978-81-239-1646-0
041 _aeng
082 _aA/611/KHU/DB0353
100 _aKhurana Indu
_9179670
245 _aTextbook of Anatomy and Physiology for Nurses and Allied Health Sciences
260 _bCBS Publishers & Distributors
_aNew Delhi
_c2009
300 _a512
999 _c159168
_d159168